000 00372nam a2200145Ia 4500
008 231129s2000||||xx |||||||||||||| ||spa||
020 _a958-04-5775-1
040 _bspa
082 _a823 U75m
100 _aUre Jean
245 0 _aMe dicen Sara Tomate
260 _c2000
264 _aBarcelona EspaƱa : Norma
942 _2ddc
_cBKS
999 _c20805
_d20805